LEADER 01138nam--2200373---450- 001 990002198590203316 005 20091216152600.0 035 $a000219859 035 $aUSA01000219859 035 $a(ALEPH)000219859USA01 035 $a000219859 100 $a20041122d1975----km-y0itay0103----ba 101 0 $aita 102 $aIT 105 $a||||||||001yy 200 1 $a<> dialettica dell'astratto e del concreto nel Capitale di Marx$fEval'd Vasilevic Il'enkov 210 $aMilano$cFeltrinelli$d1975 215 $aLIX, 246 p.$d20 cm 225 2 $aSc/10$v59 410 0$12001$aSc/10$v59 454 1$12001 606 0 $aKapital 676 $a335.4 700 1$aILENKOV,$bEvald Vasilevic$0121005 801 0$aIT$bsalbc$gISBD 912 $a990002198590203316 951 $a335.4 ILE 1 (Coll. IM 59)$b47150 G.$c335.4 ILE 1 (Coll. IM)$d00249760 959 $aBK 969 $aeco 979 $aSIAV2$b10$c20041122$lUSA01$h1340 979 $aSIAV2$b10$c20041122$lUSA01$h1341 979 $aRSIAV5$b90$c20091216$lUSA01$h1526 996 $aDialettica dell'astratto e del concreto nel capitale di Marx$992244 997 $aUNISA